Cours de littérature française / (Record no. 167623)

MARC details
000 -LEADER
campo de control de longitud fija 00827nam a2200205 i 4500
001 - NÚMERO DE CONTROL
campo de control 167623
003 - IDENTIFICADOR DE NÚMERO DE CONTROL
campo de control ES-MaACL
005 - FECHA Y HORA DE LA ÚLTIMA TRANSACCIÓN
campo de control 20250905165511.0
008 - DATOS DE LONGITUD FIJA--INFORMACIÓN GENERAL
campo de control de longitud fija 050928s1840 fr |||| | fre d
040 ## - FUENTE DE CATALOGACIÓN
Centro catalogador/agencia de origen CAM
Lengua de catalogación spa
Centro/agencia transcriptor CAM
100 1# - ENTRADA PRINCIPAL--NOMBRE DE PERSONA
Nombre de persona Villemain, Abel-François,
Fechas asociadas al nombre 1791-1870
9 (RLIN) 133764
245 10 - MENCIÓN DEL TÍTULO
Título Cours de littérature française /
Mención de responsabilidad, etc. par M. Villemain.
250 ## - MENCION DE EDICION
Mención de edición Nouvelle éd. augm. d'un essai sur la vie et les écrits de l'auteur, par M. Saint-Beuve et d'une étude sur le cours de littérature, par Silvestre de Sacy.
260 ## - PUBLICACIÓN, DISTRIBUCIÓN, ETC.
Lugar de publicación, distribución, etc. Bruxelles :
Nombre del editor, distribuidor, etc. Meline, Cans et compagnie,
Fecha de publicación, distribución, etc. 1840.
300 ## - DESCRIPCIÓN FÍSICA
Extensión 725 p. ;
Dimensiones 27 cm.
650 #7 - PUNTO DE ACCESO ADICIONAL DE MATERIA--TÉRMINO DE MATERIA
Término de materia o nombre geográfico como elemento de entrada Literatura francesa
Fuente del encabezamiento o término embne
9 (RLIN) 14582
700 1# - ENTRADA AGREGADA--NOMBRE PERSONAL
Nombre de persona Silvestre de Sacy, Samuel Ustazade,
Fechas asociadas al nombre 1801-1879
9 (RLIN) 132263
852 ## - LOCALIZACIÓN
Ubicación ES-MaACL
Número de control de estantería G-11642
Nota libre - Enc. hol.
Holdings
Estatus retirado Estado de pérdida Estado de daño No para préstamo Colección Biblioteca de origen Biblioteca actual Ubicación en estantería Fecha de adquisición Fuente de adquisición Total de préstamos Signatura topográfica completa Código de barras Visto por última vez Precio de reemplazo Tipo de ítem Koha
        Libros del s. XIX Biblioteca del Ateneo de Madrid Biblioteca del Ateneo de Madrid Sala Pecera Planta 3 17/01/2008     G-11642 1175857 23/02/2023 23/02/2023 Libro impreso antiguo